[Event "CAMPEONATO CONTINENTAL ABSOLUT"]
[Site "Hotel Torre de Cali, Cali, Co"]
[Date "2007.07.16"]
[Round "7.56"]
[White "Guerrero, Hernando"]
[Black "Restuccia, Francisco"]
[Result "1-0"]
[WhiteElo "2041"]
[BlackElo "2222"]
[PlyCount "131"]
[EventDate "2007.07.10"]

1. e4 c5 2. Nf3 d6 3. d4 cxd4 4. Nxd4 Nf6 5. Nc3 a6 6. Be2 e5 7. Nb3 Be7 8. O-O
Be6 9. f4 Qc7 10. f5 Bc4 11. Bxc4 Qxc4 12. Qd3 Qxd3 13. cxd3 Nc6 14. a3 O-O-O
15. Bg5 Kb8 16. Bxf6 Bxf6 17. Nd5 Ne7 18. Nxf6 gxf6 19. Na5 d5 20. Rad1 Rd7 21.
Kf2 Rc8 22. Rd2 dxe4 23. Ke3 Rcd8 24. Kxe4 Rd4+ 25. Ke3 Nd5+ 26. Ke2 Nf4+ 27.
Kd1 Nxd3 28. Nb3 Nxb2+ 29. Kc2 Rxd2+ 30. Nxd2 Na4 31. Ne4 Nb6 32. Nxf6 Nd5 33.
Nxd5 Rxd5 34. Rf3 f6 35. Rh3 Rd7 36. Rh6 Rf7 37. Kd3 Kc7 38. Ke4 b5 39. g4 a5
40. g5 fxg5 41. Ra6 Rf8 42. Kxe5 b4 43. Rxa5 Re8+ 44. Kf6 b3 45. Rc5+ Kd6 46.
Rb5 Re2 47. Rxb3 g4 48. h3 gxh3 49. Rxh3 Ra2 50. Kf7 Ke5 51. f6 Rf2 52. Rh5+
Kd6 53. a4 Rf4 54. a5 Rf1 55. Rb5 Kd7 56. Rb7+ Kc6 57. Re7 h5 58. a6 h4 59. a7
Ra1 60. Ke8 h3 61. f7 h2 62. f8=Q h1=Q 63. Qf6+ Kc5 64. Rc7+ Kb5 65. Qb2+ Ka6
66. Qxa1+ 1-0

[Event "CAMPEONATO CONTINENTAL ABSOLUT"]
[Site "Hotel Torre de Cali, Cali, Co"]
[Date "2007.07.16"]
[Round "7.57"]
[White "Rodriguez Montoya, Juan Andres"]
[Black "Barros, Raul Junior"]
[Result "0-1"]
[WhiteElo "2009"]
[BlackElo "2117"]
[PlyCount "84"]
[EventDate "2007.07.10"]

1. e4 c5 2. Nc3 g6 3. Nf3 Bg7 4. d4 cxd4 5. Nxd4 a6 6. f3 d6 7. Be3 Nf6 8. Qd2
Qc7 9. Be2 Nc6 10. Nb3 O-O 11. O-O-O b5 12. Rdg1 b4 13. Nd5 Nxd5 14. exd5 Na5
15. Qxb4 Nxb3+ 16. axb3 Bf5 17. Qc4 Qb7 18. Qc6 Qxc6 19. dxc6 Rfc8 20. g4 Be6
21. h4 Rxc6 22. h5 Bxb3 23. c3 d5 24. hxg6 hxg6 25. Kb1 Re6 26. Bh6 Rxe2 27. g5
a5 28. Rh3 f6 29. gxf6 exf6 30. Rgh1 Bxh6 31. Rxh6 Kf7 32. Rg1 Rf2 33. Kc1 Re8
34. Rh7+ Ke6 35. Re1+ Kf5 36. Rxe8 Rxf3 37. Rb8 a4 38. Kd2 Rf2+ 39. Kc1 g5 40.
Rbh8 g4 41. Rg8 d4 42. cxd4 Bxg8 0-1